Poems / (Record no. 18761)
[ view plain ]
| 000 -LEADER | |
|---|---|
| fixed length control field | 00795cam a2200253 4500 |
| 001 - CONTROL NUMBER | |
| control field | 18761 |
| 003 - CONTROL NUMBER IDENTIFIER | |
| rucl marc code | BD-RjUL |
| 005 - DATE AND TIME OF LATEST TRANSACTION | |
| control field | 20211209000330.0 |
| 008 - FIXED-LENGTH DATA ELEMENTS--GENERAL INFORMATION | |
| fixed length control field | 140222s1972 ii 000 0 eng |
| 035 ## - SYSTEM CONTROL NUMBER | |
| System control number | (BD-RjUL)18819 |
| 040 ## - CATALOGING SOURCE | |
| Original cataloging agency | DLC |
| Transcribing agency | DLC |
| Modifying agency | DLC |
| -- | BD-RjUL |
| Language of cataloging | eng |
| 041 ## - LANGUAGE CODE | |
| Language code of text/sound track or separate title | eng |
| 082 00 - DEWEY DECIMAL CLASSIFICATION NUMBER | |
| Classification number | 821.9 |
| Author mark and year | DEP 1972 |
| 100 1# - MAIN ENTRY--PERSONAL NAME | |
| Personal name | Derozio, Henry Louis Vivian. |
| Dates associated with a name | 1809-1831. |
| 9 (RLIN) | 57843 |
| 245 10 - TITLE STATEMENT | |
| Title | Poems / |
| Statement of responsibility, etc. | by Henry Derozio. Selected by P. Lal. Introd. by Susobhan Sarkar. Pref. by C. Paul Verghese. |
| 260 ## - PUBLICATION, DISTRIBUTION, ETC. (IMPRINT) | |
| Place of publication, distribution, etc. | Calcutta : |
| Name of publisher, distributor, etc. | A Writers Workshop publication, |
| Date of publication, distribution, etc. | c1972. |
| 300 ## - PHYSICAL DESCRIPTION | |
| Pagination | xxiii, 44 p. ; |
| Size | 23 cm. |
| 500 ## - GENERAL NOTE | |
| General note | "A Writers Workshop redbird book." |
| 650 ## - SUBJECT ADDED ENTRY--TOPICAL TERM | |
| Topical term or geographic name as entry element | Fictions. |
| 9 (RLIN) | 3591 |
| 700 1# - ADDED ENTRY--PERSONAL NAME | |
| Personal name | Lal, P. |
| 942 ## - ADDED ENTRY ELEMENTS (KOHA) | |
| Source of classification or shelving scheme | Dewey Decimal Classification |
| Koha item type | Books |
| Lost status | Source of classification or shelving scheme | Damaged status | Not for loan | Collection code | Permanent Location | Current Location | Shelving location | Date acquired | Source of acquisition | Cost, normal purchase price | Total Checkouts | Full call number | Date last seen | Copy number | Koha item type |
|---|---|---|---|---|---|---|---|---|---|---|---|---|---|---|---|
| Dewey Decimal Classification | Not For Loan | Fiction | Central Library, University of Rajshahi | Central Library, University of Rajshahi | Reading Room | 19/03/1976 | K.P. Bagchi. | 50.00 | 821.9 DEP 1972 | 22/02/2014 | C-1 | Books |